<?xml version="1.0" encoding="UTF-8"?>
<record
    xmlns:xsi="http://www.w3.org/2001/XMLSchema-instance"
    xsi:schemaLocation="http://www.loc.gov/MARC21/slim http://www.loc.gov/standards/marcxml/schema/MARC21slim.xsd"
    xmlns="http://www.loc.gov/MARC21/slim">

  <leader>01287nam a2200253   4500</leader>
  <controlfield tag="003">CO-ViMGA</controlfield>
  <datafield tag="020" ind1=" " ind2=" ">
    <subfield code="a">9789583049835</subfield>
  </datafield>
  <datafield tag="040" ind1=" " ind2=" ">
    <subfield code="a">CO-ViMGA</subfield>
    <subfield code="b">spa</subfield>
    <subfield code="c">CO-ViMGA</subfield>
  </datafield>
  <datafield tag="082" ind1="0" ind2="4">
    <subfield code="a">301 </subfield>
    <subfield code="b">S24s</subfield>
  </datafield>
  <datafield tag="100" ind1="1" ind2=" ">
    <subfield code="a">Seiler, Signe</subfield>
    <subfield code="9">882</subfield>
  </datafield>
  <datafield tag="245" ind1="1" ind2="0">
    <subfield code="a">El ser humano /</subfield>
    <subfield code="c">Signe Seiler y Rainer K&#xF6;the ; ilustrador J&#xF6;rn Henning ; traductor Rafael D&#xED;az ; editor C&#xE9;sar Alberto Cardozo Tovar</subfield>
  </datafield>
  <datafield tag="260" ind1=" " ind2=" ">
    <subfield code="a">Bogot&#xE1; :</subfield>
    <subfield code="b">Panamericana Editorial,</subfield>
    <subfield code="c">2015</subfield>
  </datafield>
  <datafield tag="300" ind1=" " ind2=" ">
    <subfield code="a">48 p&#xE1;ginas ;</subfield>
    <subfield code="b"> ilustraciones, fotograf&#xED;as en color ; 28 cm</subfield>
  </datafield>
  <datafield tag="490" ind1=" " ind2=" ">
    <subfield code="a"> C&#xF3;mo y por qu&#xE9;</subfield>
  </datafield>
  <datafield tag="500" ind1=" " ind2=" ">
    <subfield code="a">Incluye &#xED;ndice alfab&#xE9;tico</subfield>
  </datafield>
  <datafield tag="520" ind1=" " ind2=" ">
    <subfield code="a"> "M&#xE1;s de 7000 millones de personas viven en la Tierra. Tenemos muchas cosas en com&#xFA;n, pero tambi&#xE9;n muchas que nos distinguen: vivimos en caba&#xF1;as o en edificios altos, comemos fideos o espaguetis y hablamos distintos idiomas. &#xBF;C&#xF3;mo viv&#xED;an los n&#xF3;madas? &#xBF;Como surgieron las ciudades? &#xBF;Qu&#xE9; problemas genera el crecimiento de la poblaci&#xF3;n?"</subfield>
  </datafield>
  <datafield tag="534" ind1=" " ind2=" ">
    <subfield code="p">Titulo original</subfield>
    <subfield code="t">Der mensch</subfield>
  </datafield>
  <datafield tag="650" ind1="1" ind2="4">
    <subfield code="a">Desarrollo humano</subfield>
    <subfield code="v"> Preguntas y respuestas</subfield>
    <subfield code="9">885</subfield>
  </datafield>
  <datafield tag="650" ind1="1" ind2="4">
    <subfield code="a">Razas</subfield>
    <subfield code="v"> Preguntas y respuestas</subfield>
    <subfield code="x"> Historia</subfield>
    <subfield code="9">884</subfield>
  </datafield>
  <datafield tag="650" ind1="1" ind2="4">
    <subfield code="a">Seres humanos </subfield>
    <subfield code="v"> Preguntas y respuestas</subfield>
    <subfield code="x"> Historia</subfield>
    <subfield code="9">883</subfield>
  </datafield>
  <datafield tag="700" ind1="1" ind2=" ">
    <subfield code="a"> D&#xED;az, Rafael </subfield>
    <subfield code="e">tr.</subfield>
    <subfield code="9">887</subfield>
  </datafield>
  <datafield tag="700" ind1="1" ind2=" ">
    <subfield code="a"> Hennig, J&#xF6;rn </subfield>
    <subfield code="e">il.</subfield>
    <subfield code="9">886</subfield>
  </datafield>
  <datafield tag="942" ind1=" " ind2=" ">
    <subfield code="2">ddc</subfield>
    <subfield code="c">BK</subfield>
  </datafield>
  <datafield tag="999" ind1=" " ind2=" ">
    <subfield code="c">37325</subfield>
    <subfield code="d">37325</subfield>
  </datafield>
  <datafield tag="952" ind1=" " ind2=" ">
    <subfield code="0">0</subfield>
    <subfield code="1">0</subfield>
    <subfield code="2">ddc</subfield>
    <subfield code="4">0</subfield>
    <subfield code="7">0</subfield>
    <subfield code="8">003</subfield>
    <subfield code="a">MEVIECAR</subfield>
    <subfield code="b">MEVIECAR</subfield>
    <subfield code="d">2020-04-15</subfield>
    <subfield code="l">0</subfield>
    <subfield code="o">301 S24s</subfield>
    <subfield code="p">33305</subfield>
    <subfield code="r">2020-04-15 00:00:00</subfield>
    <subfield code="w">2020-04-15</subfield>
    <subfield code="y">BK</subfield>
  </datafield>
  <datafield tag="952" ind1=" " ind2=" ">
    <subfield code="0">0</subfield>
    <subfield code="1">0</subfield>
    <subfield code="2">ddc</subfield>
    <subfield code="4">0</subfield>
    <subfield code="7">0</subfield>
    <subfield code="8">003</subfield>
    <subfield code="a">MEVIECAR</subfield>
    <subfield code="b">MEVIECAR</subfield>
    <subfield code="d">2020-04-15</subfield>
    <subfield code="l">0</subfield>
    <subfield code="o">301 S24s</subfield>
    <subfield code="p">33306</subfield>
    <subfield code="r">2020-04-15 00:00:00</subfield>
    <subfield code="w">2020-04-15</subfield>
    <subfield code="y">BK</subfield>
  </datafield>
</record>
